| 000 | 01670nam a22003137a 4500 | ||
|---|---|---|---|
| 001 | 8549 | ||
| 003 | FISKH | ||
| 005 | 20250929103726.0 | ||
| 008 | 250929b cb ||||| |||| 00| 0 eng d | ||
| 020 | _a9789996301094 | ||
| 040 |
_aFISKH _bkhr _cFISKH _dFISKH |
||
| 050 | _aPZ7 | ||
| 082 | _a590 | ||
| 100 | _aTongleang, Noeun | ||
| 245 |
_aមូសខ្លាអស់លក្ខណ៏ : _bThe unlucky tiger mosquitoes / _cនិពន្ធដោយ លោក នឿន តុងលាង , ពិនិត្យអក្ខរាវិរុទ្ធ អ្នកស្រី គឹម ស៊ុន សុធារី |
||
| 260 |
_aPhnom Penh : _bReading Books , _c2010 . |
||
| 300 |
_a20 pages : _bcolor illustrations ; _c25 cm . |
||
| 490 | _aពិភពរឿងនិទាន | ||
| 505 | _aK | ||
| 520 | _aក្នុងរឿងនេះចង់អប់រំអោយប្អូនៗកុមារបានដឹងពីជំងីគ្រុនឈាម ដែលបណ្តាលមកពីមូសខ្លាខាំ និងវីធីការពារកុំអោយមានមូសខ្លា។ | ||
| 520 | _aIn this story, we want to educate children about dengue fever, which is caused by bites from Aedes mosquitoes, and how to prevent the breeding of these mosquitoes. | ||
| 521 | 8 |
_a510
_bLexile estimate |
|
| 521 | 8 |
_aK
_bRaz-Plus |
|
| 650 |
_aមូសខ្លាអស់លក្ខណ៏ _vរឿងនិទានកុមារ |
||
| 650 |
_aUnlucky tiger mosquito _vChildren's stories |
||
| 700 |
_aBunthorn, Theak _eIllustrator |
||
| 942 |
_2ddc _cKHB _n0 |
||
| 999 |
_c8549 _d8549 |
||